Les 22 Métropoles Française - Géographie - Statistiques

Statistiques générales
  • Ce quiz a été pris 846 fois
  • Le résultat moyen est 18 sur 22
Statistiques - réponses
Par images Réponse % Correct
Paris
93%
Lille
92%
Marseille
92%
Nice
91%
Strasbourg
91%
Bordeaux
90%
Lyon
89%
Rennes
88%
Toulouse
88%
Nantes
87%
Brest
86%
Montpellier
84%
Grenoble
79%
Orléans
77%
Toulon
77%
Clermont-Ferrand
76%
Dijon
76%
Metz
76%
Rouen
73%
Nancy
72%
Saint-Etienne
71%
Tours
70%
Aucun quiz correspondant
Distribution des résultats
% des personnes avec chaque résultat
Percentile par nombre de réponses
Votre historique - résultats
Vous n’avez pas pris ce quiz